000 00518nmm a2200169Ia 4500
008 251105s9999||||xx |||||||||||||||||und||
020 _a9788498950069
041 _aspa
100 _aSheridan, Guillermo
245 0 _aEl filo del ideal: Octavio Paz en la Guerra Civil
264 _a[Madrid, España] :
_bVisor Libros,
_c2008
300 _a202 páginas
490 _aBiblioteca Filológica Hispana
650 _aLatin American literature
856 _uhttps://public.digitaliapublishing.com/a/24165
942 _cCF
999 _c92109
_d92109